000 00618nam a22002177a 4500
003 UA-OsUOA
001 114737
007 ta
008 20151123b un ||||| |||| 00| 0 ukr d
100 _aВітович І.
090 _a32
_bВ55
942 _cSA
040 _aUA-OsUOA
_bukr
_cUA-OsUOA
_dUA-OsUOA
245 _aПариж. П'ятниця, 13-те. Франція приходить до тями і робить висновки після терактів у столиці
300 _aС.6
955 _a0
041 _aukr
080 _a32
773 0 _w114736
650 7 _a32 Політика
_2UDC
999 _c400888
_d400888